Crisis y conflicto en el capitalismo latinoamericano: lecturas políticas /

Guardat en:
Dades bibliogràfiques
Autor principal: Levy, Bettina
Autor corporatiu: CLACSO, Asdi
Altres autors: comp
Format: Text
Publicat: Buenos Aires: CLACSO
Matèries:
Etiquetes: Afegir etiqueta
Sense etiquetes, Sigues el primer a etiquetar aquest registre!

MARC

LEADER 00000 a a2200000 04500
001 28580
003
040 |a CRAI/IIS  |c CRAI/IIS 
020 |a 950-9231-80-0  
090 |a 189109  
100 |a Levy, Bettina  
110 |a CLACSO  
245 |a Crisis y conflicto en el capitalismo latinoamericano: lecturas políticas /  |c CLACSO  
260 |a Buenos Aires:   |b CLACSO  
300 |a 355 p   |b fonodiscos   |b map.  
650 |a POBLACION INDIGENA  
650 |a CONFLICTOS ETNICOS  
650 |a ELECCIONES  
650 |a GOBIERNO LOCAL  
650 |a PARTICIPACION COMUNITARIA  
650 |a VIOLENCIA  
650 |a ELECCIONES  
700 |a comp  
710 |a Asdi  
999 |c 17669  |d 17669